[Event "Let's Play Chess!"]
[Site "http://www.queenalice.com/game.php?id=36257"]
[Date "2005.11.3"]
[Round "-"]
[White "EChess05"]
[Black "Alfrosso"]
[Result "1-0"]
[WhiteElo "1931"]
[BlackElo "1568"]

1. Nf3 d5 2. c4 Nf6 3. g3 dxc4 4. Qa4+ Nc6 5. Qxc4 e5 6. Bg2 Be6 7. Qb5 Bd5 8.
O-O Bd6 9. Nc3 a6 10. Qa4 O-O 11. Nxd5 Nxd5 12. d3 h6 13. Bd2 Rb8 14. Rfc1 Re8
15. e3 Nf6 16. Bc3 Ne7 17. Bxe5 Ng6 18. Bd4 c6 19. Rc2 Nf8 20. Rac1 Ne6 21. Bc3
Bc7 22. Qc4 Nd5 23. Bd2 Nb6 24. Qb3 Nd7 25. d4 Nf6 26. a3 Ba5 27. Bxa5 Qxa5 28.
Ne5 Qd8 29. Qd3 Nd7 30. Nxd7 Qxd7 31. Qf5 Rbd8 32. Rc3 Re7 33. b4 Nc7 34. Qxd7
Rexd7 35. Rc5 Kf8 36. Kf1 Ne6 37. Re5 Nc7 38. h4 Nd5 39. Bh3 Re7 40. Rxe7 Kxe7
41. Ke2 Nf6 42. Rc5 Nd5 43. f4 Kf6 44. e4 Nc7 45. e5+ Ke7 46. Ke3 Ne6 47. Bxe6
Kxe6 48. a4 Rd5 49. Rxd5 Kxd5 50. f5 b6 51. g4 a5 52. bxa5 bxa5 53. Kd3 c5 54.
dxc5 Kxc5 55. Ke4 1-0

[Event "Let's Play Chess!"]
[Site "http://www.queenalice.com/game.php?id=36639"]
[Date "2005.11.6"]
[Round "-"]
[White "EChess05"]
[Black "aquinas"]
[Result "1-0"]
[WhiteElo "1840"]
[BlackElo "1416"]

1. c4 e5 2. Nc3 Nf6 3. Nf3 e4 4. Ng5 Qe7 5. Qc2 c6 6. Ncxe4 d5 7. Nxf6+ Qxf6 8.
Nxh7 Qf5 9. Qxf5 Bxf5 10. Nxf8 Rxf8 11. b3 Nd7 12. cxd5 cxd5 13. Bb2 f6 14. g4
Bxg4 15. Bg2 Be6 16. O-O Nc5 17. Ba3 b6 18. d4 Ne4 19. Bxf8 Kxf8 20. Rfc1 Re8
21. Rc7 a5 22. Rac1 b5 23. Ra7 a4 24. bxa4 b4 25. Rcc7 g5 26. Bxe4 dxe4 27. a5
Rb8 28. a6 Bxa2 29. Rab7 Ra8 30. a7 1-0

[Event "Let's Play Chess!"]
[Site "http://www.queenalice.com/game.php?id=36768"]
[Date "2005.11.7"]
[Round "-"]
[White "MECFIELD"]
[Black "EChess05"]
[Result "0-1"]
[WhiteElo "1500"]
[BlackElo "1810"]

1. e4 e5 2. Qf3 Nf6 3. Bc4 Nc6 4. c3 g6 5. Nh3 Bg7 6. Ng5 O-O 7. d4 exd4 8. e5
Nxe5 9. Qh3 Nxc4 10. cxd4 Re8+ 11. Kd1 d5 12. b3 Bxh3 13. gxh3 Ne4 14. Rg1 Nxf2+
15. Kc2 Qf6 16. Kc3 Qxd4+ 0-1

[Event "Challenge"]
[Site "http://www.queenalice.com/game.php?id=36864"]
[Date "2005.11.7"]
[Round "-"]
[White "Reddaz"]
[Black "EChess05"]
[Result "0-1"]
[WhiteElo "1581"]
[BlackElo "1830"]

1. c4 Nf6 2. Nc3 g6 3. e4 d6 4. Nf3 Bg7 5. d3 O-O 6. Ng5 c5 7. Qf3 Nc6 8. Qg3
Nd4 9. Rb1 Qa5 10. Bd2 Nh5 11. Qh4 h6 12. Nh3 Bf6 13. Ng5 Ne6 14. f4 Nhxf4 15.
Bxf4 hxg5 16. Bxg5 Nxg5 17. Rc1 Nf3+ 0-1

[Event "Challenge"]
[Site "http://www.queenalice.com/game.php?id=38224"]
[Date "2005.11.16"]
[Round "-"]
[White "Croftsy"]
[Black "EChess05"]
[Result "0-1"]
[WhiteElo "1317"]
[BlackElo "1843"]

1. c4 Nf6 2. d4 g6 3. d5 Bg7 4. b4 O-O 5. b5 d6 6. Bb2 a6 7. a4 e6 8. f3 exd5 9.
cxd5 axb5 10. a5 c6 11. e4 cxd5 12. Nc3 dxe4 13. Nxe4 Nxe4 14. fxe4 Bxb2 15. Rb1
Qxa5+ 16. Qd2 Bc3 17. Rd1 Bxd2+ 18. Rxd2 Qc3 19. Ne2 Ra1+ 20. Kf2 Qxd2 0-1

[Event "Challenge"]
[Site "http://www.queenalice.com/game.php?id=38586"]
[Date "2005.11.18"]
[Round "-"]
[White "Scander"]
[Black "EChess05"]
[Result "0-1"]
[WhiteElo "1695"]
[BlackElo "1857"]

1. d4 Nf6 2. c4 g6 3. Nc3 Bg7 4. e4 O-O 5. f3 d6 6. Be3 e5 7. Nge2 c6 8. Qd2
Nbd7 9. O-O-O Qa5 10. Kb1 Ne8 11. g4 Nb6 12. Nc1 exd4 13. Bxd4 Bxd4 14. Qxd4 Be6
15. Nb3 Qb4 16. Nd2 f6 17. h4 Rd8 18. a3 Qa5 19. f4 Bxg4 20. Be2 Bxe2 21. Nxe2
Ng7 22. Rdg1 Ne6 23. Qe3 Na4 24. f5 Qe5 25. Nc3 Nxc3+ 26. bxc3 Qf4 27. Qxf4 Nxf4
28. Rg4 Nd3 29. fxg6 Nf2 0-1

[Event "Challenge"]
[Site "http://www.queenalice.com/game.php?id=38587"]
[Date "2005.11.18"]
[Round "-"]
[White "EChess05"]
[Black "Scander"]
[Result "1-0"]
[WhiteElo "1843"]
[BlackElo "1716"]

1. c4 c5 2. Nf3 Nc6 3. Nc3 Nf6 4. g3 d5 5. cxd5 Nxd5 6. Bg2 e5 7. Nxe5 Nxc3 8.
Bxc6+ bxc6 9. dxc3 Qc7 10. Bf4 Bd6 11. Nxf7 Bxf4 12. Nxh8 Be5 13. f4 Bf6 14. Qd3
g6 15. Nxg6 hxg6 16. Qxg6+ Qf7 17. Qxf7+ Kxf7 18. h3 Rb8 19. O-O-O Be6 20. e4
Bxa2 21. Rd7+ Ke6 22. Rxa7 Bc4 23. e5 Bd5 24. Re1 Bh8 25. b4 cxb4 26. g4 Bg2 27.
Re3 bxc3 28. h4 1-0

[Event "Let's Play Chess!"]
[Site "http://www.queenalice.com/game.php?id=40863"]
[Date "2005.12.1"]
[Round "-"]
[White "EChess05"]
[Black "sergiogvh"]
[Result "1/2-1/2"]
[WhiteElo "1868"]
[BlackElo "1988"]

1. d4 Nf6 2. c4 e5 3. dxe5 Ng4 4. Bf4 Nc6 5. Nf3 Bb4+ 6. Nbd2 Qe7 7. e3 Ngxe5 8.
Nxe5 Nxe5 9. a3 Bxd2+ 10. Qxd2 d6 11. Be2 Ng6 12. O-O Nxf4 13. exf4 O-O 14. Rae1
Qf6 15. Bf3 Be6 16. Bxb7 Rab8 17. Ba6 Rxb2 18. Qa5 Qxf4 19. Qxc7 Rc2 20. Rd1
Bxc4 21. Bxc4 Rxc4 22. Qxd6 Qxd6 23. Rxd6 Ra4 24. Ra1 Re8 25. f3 g6 26. Kf2 Rb8
27. Rd7 Rb3 28. Re1 Raxa3 29. Re8+ Kg7 30. Ree7 Ra2+ 31. Kg3 Rbb2 32. Rxf7+ Kg8
33. Rg7+ Kf8 34. Rxh7 Rxg2+ 35. Kf4 Ra4+ 36. Ke3 Ra3+ 1/2-1/2

[Event "Let's Play Chess!"]
[Site "http://www.queenalice.com/game.php?id=40864"]
[Date "2005.12.1"]
[Round "-"]
[White "sergiogvh"]
[Black "EChess05"]
[Result "0-1"]
[WhiteElo "1980"]
[BlackElo "1868"]

1. e4 Nf6 2. Nc3 e5 3. f4 d5 4. fxe5 Nxe4 5. Nf3 Be7 6. d4 O-O 7. Bd3 f5 8. exf6
Bxf6 9. O-O Nc6 10. Nxe4 dxe4 11. Bxe4 Nxd4 12. Nxd4 Qxd4+ 13. Kh1 Qxe4 14. Re1
Bg4 15. Qd2 Qc4 16. b3 Qa6 17. Qd5+ Be6 18. Qxe6+ Qxe6 19. Rxe6 Bxa1 20. Re1
Rae8 21. Rd1 Rd8 22. Re1 Bc3 23. Rg1 Rf2 0-1

[Event "Let's Play Chess!"]
[Site "http://www.queenalice.com/game.php?id=42255"]
[Date "2005.12.8"]
[Round "-"]
[White "EChess05"]
[Black "jsm"]
[Result "1-0"]
[WhiteElo "1874"]
[BlackElo "1737"]

1. Nf3 Nf6 2. g3 g6 3. Bg2 Bg7 4. O-O O-O 5. d3 c5 6. Be3 d6 7. c4 Nc6 8. Nc3
Bd7 9. Qb3 Qc8 10. Nd5 e6 11. Nxf6+ Bxf6 12. Bh6 Bg7 13. Bxg7 Kxg7 14. e3 Rb8
15. Rfd1 a6 16. Rac1 e5 17. d4 cxd4 18. exd4 e4 19. Ng5 f5 20. c5 h6 21. Nh3
dxc5 22. Rxc5 Qe8 23. f3 exf3 24. Qxf3 Qe7 25. Qc3 Qf6 26. Nf4 Rbe8 27. Nd5 Qd8
28. a4 g5 29. b4 Kg6 30. b5 axb5 31. axb5 Na7 32. b6 Nc6 33. Nc7 Re2 34. Bf3 Ra2
35. Qb3 Ra5 36. Bxc6 Rxc5 37. dxc5 bxc6 38. Ne6 Bxe6 39. Rxd8 Bxb3 40. Rxf8 Kg7
41. Rxf5 Be6 42. Re5 Bc8 43. Re8 Ba6 44. Ra8 1-0

[Event "Challenge"]
[Site "http://www.queenalice.com/game.php?id=42653"]
[Date "2005.12.9"]
[Round "-"]
[White "colorm"]
[Black "EChess05"]
[Result "0-1"]
[WhiteElo "1956"]
[BlackElo "1892"]

1. e4 e5 2. Nf3 Nc6 3. Bb5 Nf6 4. O-O Nxe4 5. d4 Nd6 6. Bxc6 dxc6 7. dxe5 Nf5 8.
Qxd8+ Kxd8 9. Rd1+ Ke8 10. Nc3 Ne7 11. h3 Ng6 12. b3 Bd7 13. a3 Be7 14. Be3 f5
15. exf6 Bxf6 16. Bd4 Bf5 17. Bxf6 gxf6 18. Re1+ Kf7 19. Nd4 Bd7 20. Nce2 c5 21.
Nf3 Rad8 22. Ng3 Bc6 23. Nh2 Nf4 24. Ng4 Nxg2 25. Re5 fxe5 26. Nxe5+ Kf6 27.
Nxc6 bxc6 28. Kxg2 Rhe8 29. Kf3 c4 30. b4 Rd4 31. Rc1 a6 32. Rg1 Rh4 33. Kg2 c5
34. bxc5 Re5 35. f3 Rxc5 36. Ne4+ Rxe4 37. fxe4 Rg5+ 38. Kf2 Rxg1 39. Kxg1 Ke5
40. Kf2 Kxe4 41. Ke2 Kd4 42. h4 Kc3 43. Kd1 h5 44. Kc1 c5 45. a4 a5 46. Kb1 Kb4
47. Kb2 c3+ 48. Kb1 Kxa4 49. Ka1 c4 50. Ka2 Kb4 51. Kb1 Kc5 52. Ka2 Kd4 53. Ka3
Ke3 54. Ka4 Kd2 55. Kxa5 Kxc2 56. Kb4 Kd3 0-1

[Event "AUTO-OPEN-200"]
[Site "http://www.queenalice.com/game.php?id=45898"]
[Date "2005.12.31"]
[Round "1"]
[White "EChess05"]
[Black "Redtom"]
[Result "0-1"]
[WhiteElo "1885"]
[BlackElo "1859"]

1. Nf3 f5 2. g3 Nf6 3. Bg2 d6 4. O-O e5 5. d3 g6 6. Nbd2 Bg7 7. c3 Qe7 8. Qc2
O-O 9. a4 e4 10. Nd4 c5 11. Nb5 a6 12. Na3 d5 13. Nb3 Nc6 14. Be3 b6 15. a5 Nxa5
16. Nxa5 bxa5 17. Rfd1 Be6 18. Qa4 Qc7 19. d4 c4 20. Bf4 Qb6 21. Rdb1 Bd7 22.
Qc2 a4 23. Be5 g5 24. Qd2 h6 25. h3 Ne8 26. Nc2 a5 27. Ne3 Qe6 28. f4 Nf6 29.
fxg5 hxg5 30. Rf1 Nh7 31. Rxf5 Rxf5 32. Nxf5 Qxf5 33. g4 Qe6 34. Bxg7 Kxg7 35.
Qe3 Rf8 36. Rf1 Rxf1+ 37. Bxf1 Qf6 38. Qc1 Qf4 39. Qxf4 gxf4 40. Kf2 Kg6 41. e3
fxe3+ 42. Kxe3 Kg5 43. Bxc4 dxc4 44. Kxe4 Bc6+ 45. d5 Nf6+ 46. Ke5 Bb5 47. h4+
Kg6 48. g5 Nd7+ 49. Kd6 Kf5 50. Ke7 Ne5 51. d6 Kg6 52. h5+ Kxg5 53. Ke6 Nd3 54.
d7 Bxd7+ 55. Kxd7 Nxb2 56. h6 Kxh6 0-1

[Event "AUTO-OPEN-200"]
[Site "http://www.queenalice.com/game.php?id=45899"]
[Date "2005.12.31"]
[Round "1"]
[White "Redtom"]
[Black "EChess05"]
[Result "1/2-1/2"]
[WhiteElo "1876"]
[BlackElo "1867"]

1. e4 c5 2. Nf3 e6 3. d4 cxd4 4. Nxd4 Nf6 5. Nc3 d6 6. Bg5 h6 7. Bh4 Be7 8. Bg3
O-O 9. f4 Nc6 10. Be2 Qb6 11. Nb3 Qe3 12. Qd3 Ng4 13. Rf1 Qxd3 14. Bxd3 a5 15.
h3 Ne3 16. Kf2 Nxf1 17. Rxf1 a4 18. Nd2 a3 19. b3 Nb4 20. f5 d5 21. exd5 exd5
22. Ke2 Bf6 23. Ndb1 Re8+ 24. Kd2 Bd7 25. Bd6 Bg5+ 26. Kd1 Nxd3 27. cxd3 Re3 28.
g3 Rc8 29. h4 Rxd3+ 30. Kc2 Rcxc3+ 31. Nxc3 Rd2+ 32. Kb1 Bf6 33. Bb4 Rb2+ 34.
Ka1 b5 35. Nxd5 Be5 36. Bc3 Bxc3 37. Nxc3 Rg2 38. Ne4 Bxf5 39. Nc3 Bd3 40. Re1
Rxg3 41. h5 Rh3 42. b4 Rxh5 43. Nd5 Bc4 44. Nb6 Rh4 45. Kb1 Be6 46. Rc1 Rxb4+
47. Ka1 Rb2 48. Nd5 g5 49. Rg1 f5 50. Rc1 f4 51. Nf6+ Kf7 52. Rc7+ Kxf6 53. Rf7+
Ke5 54. Rf5+ Kd4 55. Rd5+ 1/2-1/2

[Event "AUTO-OPEN-200"]
[Site "http://www.queenalice.com/game.php?id=45900"]
[Date "2005.12.31"]
[Round "1"]
[White "EChess05"]
[Black "venexia"]
[Result "1-0"]
[WhiteElo "1921"]
[BlackElo "1413"]

1. Nf3 d5 2. g3 Nc6 3. Bg2 e5 4. O-O Bc5 5. d3 d4 6. Nbd2 Nf6 7. Nb3 Bd6 8. e3
dxe3 9. Bxe3 O-O 10. Qe2 Qe7 11. Rae1 Be6 12. d4 exd4 13. Nfxd4 Bc5 14. Nxc6 Qd6
15. Ne7+ Qxe7 16. Bxc5 Qd7 17. Bxf8 Rxf8 18. Nc5 Qc8 19. Bxb7 Qd8 20. Nxe6 fxe6
21. Qxe6+ Kh8 22. b4 h6 23. b5 Qb8 24. Qc6 Qd8 25. c4 Nd7 26. Rd1 Rf7 27. f4 Qe7
28. Rfe1 Qf6 29. Qxf6 Nxf6 30. Rd8+ Ng8 31. Ree8 Kh7 32. Be4+ g6 33. Rxg8 h5 34.
Bxg6+ Kh6 35. Bxf7 h4 36. Rd5 hxg3 37. Rh5# 1-0

[Event "AUTO-OPEN-200"]
[Site "http://www.queenalice.com/game.php?id=45901"]
[Date "2005.12.31"]
[Round "1"]
[White "venexia"]
[Black "EChess05"]
[Result "0-1"]
[WhiteElo "1443"]
[BlackElo "1929"]

1. e4 e5 2. Nf3 Nc6 3. d4 exd4 4. Nxd4 Nf6 5. Bg5 Bb4+ 6. c3 Be7 7. Bd3 O-O 8.
O-O Nxe4 9. Bxe4 Bxg5 10. Qh5 g6 11. Qe2 Nxd4 12. cxd4 d5 13. Bf3 Re8 14. Qb5 c6
15. Qb4 Qb6 16. Qd6 Qxb2 17. Na3 Bf5 18. g3 Rad8 19. Qc5 Bf6 20. Qxa7 Bxd4 21.
Qa4 Ra8 22. Nc4 Bxf2+ 23. Kh1 Qxa1 24. Rxa1 Rxa4 25. Nd6 Rea8 26. Kg2 Rxa2 27.
Rf1 Bc5+ 28. Kh1 Bxd6 29. Re1 Ra1 30. Rxa1 Rxa1+ 31. Kg2 Bc5 32. g4 Rg1+ 33. Kh3
Be6 34. Kh4 f5 35. g5 d4 36. h3 Kf7 37. Bxc6 Be7 38. Bg2 Bd6 39. Bf3 Bg3# 0-1

[Event "Challenge"]
[Site "http://www.queenalice.com/game.php?id=48895"]
[Date "2006.1.21"]
[Round "-"]
[White "EChess05"]
[Black "colorm"]
[Result "1/2-1/2"]
[WhiteElo "1933"]
[BlackElo "1973"]

1. Nf3 d5 2. d4 Nf6 3. c4 e6 4. Nc3 c6 5. e3 Nbd7 6. g3 Be7 7. Bg2 O-O 8. O-O
dxc4 9. Nd2 Nb6 10. Qe2 Nfd5 11. Nxc4 Nxc4 12. Qxc4 Qa5 13. e4 Nb6 14. Qe2 Rd8
15. Be3 Bd7 16. Qd3 Be8 17. Rfd1 e5 18. Qe2 exd4 19. Bxd4 Bd7 20. e5 Be6 21. Be4
Bc5 22. Bxc5 Qxc5 23. Rxd8+ Rxd8 24. Re1 Nc4 25. Bd3 Nxb2 26. Bxh7+ Kxh7 27.
Qxb2 Qa5 28. Re3 Kg8 29. Qxb7 Bh3 30. Qb1 Qa3 31. f4 Rd2 32. Qb8+ Kh7 33. Qb1+
g6 34. g4 Bxg4 35. Nd5 Qa4 36. Nf6+ Kg7 37. Rd3 Rxa2 38. Rd8 Ra1 39. Rg8+ Kh6
40. Nxg4+ Kh7 41. Nf6+ Kh6 42. Qxa1 Qxa1+ 43. Kg2 Qa2+ 44. Kh3 Qe6+ 45. Kh4 Qf5
46. Rh8+ Kg7 47. Rh7+ Kf8 48. Rh8+ Kg7 49. Rg8+ Kh6 50. Rh8+ Kg7 51. Rg8+ Kh6
52. Rh8+ Kg7 53. Rg8+ Kh6 54. Rh8+ Kg7 55. Rg8+ Kh6 56. Rh8+ Kg7 57. Rg8+ Kh6
1/2-1/2

[Event "Challenge"]
[Site "http://www.queenalice.com/game.php?id=50012"]
[Date "2006.1.29"]
[Round "-"]
[White "EChess05"]
[Black "gouvea"]
[Result "1-0"]
[WhiteElo "1911"]
[BlackElo "1651"]

1. d4 d5 2. c4 Nf6 3. cxd5 Qxd5 4. Nc3 Qd8 5. Nf3 e6 6. e4 Bb4 7. Bd3 O-O 8. O-O
Nc6 9. Bg5 h6 10. Bxf6 Qxf6 11. e5 Qd8 12. Bc2 Ba5 13. Qd3 g6 14. Qe3 Kh7 15.
Ne4 Bb6 16. Rad1 Nb4 17. Bb3 Nd5 18. Bxd5 exd5 19. Nf6+ Kg7 20. Nh4 c6 21. f4
Qe7 22. f5 c5 23. fxg6 fxg6 24. Qg3 g5 25. Nh5+ Kg8 26. Ng6 Rxf1+ 27. Rxf1 Qc7
28. Rf8+ Kh7 29. Ne7 Bf5 30. Rf7+ Kh8 31. Qf3 cxd4 32. Ng6+ Bxg6 33. Rxc7 Bxc7
34. Qf6+ Kh7 35. Qg7# 1-0

[Event "La Revancha"]
[Site "http://www.queenalice.com/game.php?id=50726"]
[Date "2006.2.2"]
[Round "-"]
[White "EChess05"]
[Black "colorm"]
[Result "1-0"]
[WhiteElo "1935"]
[BlackElo "1971"]

1. d4 b5 2. e4 a6 3. Nf3 e6 4. g3 Bb7 5. Qe2 d5 6. e5 c5 7. Bg2 Nc6 8. O-O cxd4
9. Nbd2 Bc5 10. Nb3 Bb6 11. Re1 Nge7 12. a4 bxa4 13. Rxa4 Qc7 14. Nbxd4 Nxd4 15.
Nxd4 O-O 16. Bg5 Rfc8 17. c3 Nc6 18. Nxc6 Bxc6 19. Rxa6 Rxa6 20. Qxa6 Ra8 21.
Qe2 Ra2 22. Bc1 Ba4 23. Qa6 Bb3 24. Qb5 Ba4 25. Qd3 Bb3 26. Qf3 Bc4 27. Bf1 Bxf1
28. Kxf1 Qa7 29. Kg2 Qa4 30. Qd3 Qb3 31. Rd1 Ra1 32. Qd2 Bc5 33. h4 Ra2 34. h5
h6 35. Re1 Ra1 36. Kh3 Ra4 37. f4 Qc4 38. Qc2 Ra2 39. g4 Bb6 40. Qe2 Qb3 41. g5
hxg5 42. fxg5 d4 43. g6 Ra7 44. Qf3 Qb5 45. cxd4 Qe8 46. Qg4 Rd7 47. Rd1 Rd5 48.
b4 fxg6 49. Qxg6 Qxg6 50. hxg6 Rxd4 51. Rxd4 Bxd4 52. Kg4 Bxe5 53. Bf4 Bd4 54.
b5 Bb6 55. Bd6 Ba5 56. Kf4 Bb6 57. Ke5 1-0

[Event "Challenge"]
[Site "http://www.queenalice.com/game.php?id=51354"]
[Date "2006.2.6"]
[Round "-"]
[White "gouvea"]
[Black "EChess05"]
[Result "0-1"]
[WhiteElo "1671"]
[BlackElo "1923"]

1. e4 d6 2. Nf3 g6 3. Bc4 Nf6 4. d3 Bg7 5. O-O O-O 6. Nc3 Nc6 7. a3 Bg4 8. h3
Bxf3 9. Qxf3 Ne5 10. Qe2 Nxc4 11. dxc4 Qd7 12. Bg5 Qe6 13. Nd5 Nxd5 14. cxd5 Qe5
15. Qe3 f5 16. f4 Qxe4 17. Qxe4 fxe4 18. c3 Rae8 19. Rae1 e6 20. Rxe4 exd5 21.
Rxe8 Rxe8 22. f5 gxf5 23. Rxf5 Re5 24. g4 d4 25. Rxe5 dxe5 26. Kf1 h6 27. Bd8 c5
28. Be7 c4 29. cxd4 exd4 30. Bb4 d3 31. Bc3 Bxc3 32. bxc3 Kf7 33. Ke1 Ke6 34.
Kd1 Ke5 35. Kd2 b5 36. Ke3 a5 37. g5 hxg5 38. Kd2 Kf4 0-1